| 000 | 00611nam a2200241 a 4500 | ||
|---|---|---|---|
| 001 | nice12345678 | ||
| 003 | IN_TiNIC | ||
| 005 | 20260116011424.0 | ||
| 008 | 050524s1957 newa grp 000 0 eng | ||
| 020 |
_a _c0 |
||
| 082 | 0 | 0 |
_a181.4 _bRAD2 |
| 100 | _aRadhakrishnan, Sarvepalli | ||
| 245 | _aSource Book in Indian Philosophy. | ||
| 260 |
_aNew Jersy _bPrinceston University Press _c1957 |
||
| 300 | _a683p | ||
| 500 | _aincludes index and biblioraphy | ||
| 505 | 2 | _aIndex | |
| 650 | _aPhilosophy-Hindu | ||
| 700 | 1 | _aRadhakrishnan, Sarvepalli | |
| 902 | _bSRS | ||
| 942 | _cBK | ||
| 999 |
_c1383 _d1383 |
||